音読みが2つ以上ある常用漢字 - Statistics

General Stats
  • This quiz has been taken 77 times
  • The average score is 75 of 272
Answer Stats
漢字 読み % Correct
セイ、ショウ
70%
ジョウ、ショウ
67%
カ、ゲ
64%
ボク、モク
64%
ニチ、ジツ
63%
イチ、イツ
61%
チュウ、ジュウ
58%
ジュウ、ジッ
55%
ダイ、タイ
55%
コウ、ギョウ、アン
53%
カン、ケン
52%
セイ、ショウ
52%
セイ、ショウ
52%
セキ、シャク
50%
西 セイ、サイ
48%
セキ、シャク、コク
48%
オン、イン
47%
ゴ、コウ
47%
コン、キン
47%
キ、ケ
45%
シ、ス
45%
ジョ、ニョ、ニョウ
45%
シン、ジン
45%
ジン、ニン
45%
セイ、ジョウ
45%
ダン、ナン
45%
ド、ト
45%
モク、ボク
45%
カ、ケ
44%
カイ、エ
44%
キョウ、ケイ
44%
キン、コン
44%
コウ、ク
44%
ゴウ、ガッ、カッ
44%
メイ、ミョウ
44%
キュウ、ク
42%
ゲツ、ガツ
42%
ジュウ、チョウ
42%
ウ、ユウ
41%
ソウ、ショウ
41%
ハク、ビャク
41%
マン、バン
41%
ガ、カク
39%
ゲン、ゴン
39%
ダイ、タイ
39%
メイ、ミョウ
39%
カイ、ゲ
38%
コウ、キョウ
38%
シュツ、スイ
38%
ナイ、ダイ
38%
ブン、フン、ブ
38%
ユウ、ウ
38%
カ、ゲ
36%
カイ、エ
36%
ケイ、キョウ
36%
ケイ、キョウ
36%
セイ、セ
36%
セイ、ショウ
36%
タイ、テイ
36%
テイ、ダイ、デ
36%
ドク、トク、トウ
36%
ハン、ホン、タン
36%
ワ、オ
36%
カ、ケ
34%
ガイ、ゲ
34%
キュウ、ク
34%
コウ、オウ
34%
セイ、ショウ
34%
タイ、タ
34%
チ、ジ
34%
ト、ツ
34%
ドウ、トウ
34%
ム、ブ
34%
リョク、リキ
34%
エン、オン
33%
ガク、ラク
33%
ケイ、ギョウ
33%
コウ、カン
33%
セイ、ショウ
33%
アク、オ
31%
ギョウ、ゴウ
31%
コウ、ク
31%
ジ、ズ
31%
ジ、チ
31%
ショク、ジキ
31%
セイ、ショウ
31%
トウ、ズ、ト
31%
ノウ、ナッ、ナ、ナン、トウ
31%
ブン、モン
31%
ヘイ、ビョウ
31%
リツ、リュウ
31%
カ、ケ
30%
サク、サ
30%
ジ、シ
30%
チャク、ジャク
30%
ナン、ナ
30%
フ、フウ
30%
ホ、ブ、フ
30%
エキ、イ
28%
カイ、エ
28%
キュウ、グウ、ク
28%
コウ、オウ
28%
サ、シャ
28%
セキ、シャク
28%
ソウ、サッ
28%
ド、ト、タク
28%
ハン、バン
28%
フ、ブ
28%
ブン、モン
28%
ホウ、ハッ、ホッ
28%
リュウ、ル
28%
リュウ、ル
28%
リョク、ロク
28%
イ、エ
27%
ギョ、ゴ
27%
コ、キ
27%
コウ、キョウ
27%
ジャク、ニャク
27%
ジョウ、セイ
27%
ズ、ト
27%
セイ、ショウ
27%
セイ、ジョウ
27%
セイ、ジョウ
27%
ゼン、ネン
27%
ソン、ゾン
27%
ダイ、タイ
27%
トウ、ズ
27%
トウ、ト
27%
フウ、フ
27%
ベイ、マイ
27%
ユ、ユウ、ユイ
27%
キ、ゴ
25%
キョ、コ
25%
キョ、コ
25%
キョウ、ク
25%
キョウ、ケイ
25%
ケイ、エ
25%
ケン、コン
25%
ゲン、ガン
25%
コウ、ク
25%
コウ、ク
25%
シュ、ス
25%
シュウ、ジュ
25%
ショク、シキ
25%
スウ、ス
25%
セイ、ショウ
25%
セイ、ショウ
25%
セイ、シン
25%
セツ、サイ
25%
ブ、ム
25%
キョウ、ゴウ
23%
サイ、セイ
23%
ジ、シ
23%
ジン、ニ
23%
セイ、ショウ
23%
テイ、ジョウ
23%
フ、フウ
23%
ヘイ、ヒョウ
23%
ヤク、エキ
23%
イ、ユイ
22%
カ、ケ
22%
キョウ、ケイ
22%
ケン、ゴン
22%
サイ、サ
22%
サツ、サイ、セツ
22%
ジ、シ
22%
シュ、ス
22%
シュウ、シュ
22%
ジョ、ジ
22%
ソウ、ショウ
22%
ハン、バン
22%
ボウ、モウ
22%
ユイ、イ
22%
ユウ、ユ
22%
レイ、ライ
22%
エキ、ヤク
20%
ガイ、カイ
20%
カク、コウ
20%
キャク、カク
20%
キャク、キャ
20%
ギョ、リョウ
20%
キョウ、ゴウ
20%
キョク、ゴク
20%
ケン、ケ
20%
ゲン、ゴン
20%
コ、ク
20%
ジ、ニ
20%
ジュウ、ショウ、ジュ
20%
ジョ、ニョ
20%
ショウ、ゾウ
20%
シン、ジン
20%
セイ、ショウ
20%
ソウ、ソ
20%
タイ、ツイ
20%
チャ、サ
20%
チョウ、テイ
20%
ツウ、ツ
20%
ハツ、ホツ
20%
レイ、リン
20%
キョ、コ
19%
ギョウ、コウ
19%
キン、ゴン
19%
ケン、ゲン
19%
シ、ジ
19%
シツ、シチ、チ
19%
ジャク、セキ
19%
シュク、シュウ
19%
ショ、チョ
19%
セツ、ゼイ
19%
ハン、バン
19%
ビョウ、ヘイ
19%
ブツ、モツ
19%
ボウ、モウ
19%
メイ、ミョウ
19%
ガン、ゲン
17%
ケン、ゲン
17%
コウ、ク
17%
シツ、シュウ
17%
シュウ、シュ
17%
ソ、ス
17%
タン、ダン
17%
ダン、トン
17%
チョク、ジキ
17%
フウ、ホウ
17%
ホウ、ブ
17%
ボン、ハン
17%
モ、ボ
17%
ロ、ロウ
17%
エキ、ヤク
16%
ガ、ゲ
16%
ケン、コン
16%
サイ、ソク
16%
シ、セ
16%
ジャ、ダ
16%
シュウ、ジュウ
16%
ジュウ、ニュウ
16%
ダン、タン
16%
ヒツ、ヒ
16%
ボウ、バク
16%
レイ、リョウ
16%
エン、オン
14%
ザイ、サイ
14%
ザツ、ゾウ
14%
セツ、セチ
14%
ソウ、ゾ
14%
ゾウ、ソウ
14%
便 ベン、ビン
14%
キチ、キツ
13%
サツ、サク
13%
サツ、セツ
13%
サン、ザン
13%
ショク、シキ
13%
殿 デン、テン
13%
ハク、バク
13%
ハン、ボン
13%
マク、バク
13%
マツ、バツ
13%
メイ、ミョウ
13%
モウ、コウ
13%
リョウ、ロウ
13%
ソツ、リツ
11%
ハチ、ハツ
11%
ボウ、ム
11%
モウ、ボウ
11%
ハク、ヒョウ
9%
ビ、ミ
9%
ヒン、ビン
9%
ボウ、ボッ
9%
カツ、コツ
8%
リツ、リチ
8%
ジュン、シュン
6%
バツ、バチ
5%
No matching quizzes found
Score Distribution
Percent of People with Each Score
Percentile by Number Answered
Your Score History
You have not taken this quiz